[Event "World Open: Masters and Future Masters"]
[Site "Philadelpha"]
[Date "2003.06.29"]
[Round "4"]
[White "Fouts, Matthew"]
[Black "Firman, Nazar"]
[Result "1-0"]
[WhiteElo "1746"]
[BlackElo "2555"]
[PlyCount "53"]
[EventDate "2003.06.28"]

1. e4 d6 2. d4 Nf6 3. Nc3 g6 4. Be2 Bg7 5. f4 O-O 6. Be3 Na6 7. Qd2 Ng4 8. Bxg4
Bxg4 9. f5 gxf5 10. h3 Bh5 11. exf5 f6 12. g4 Bf7 13. O-O-O c6 14. Nge2 Nc7 15.
g5 fxg5 16. Bxg5 Kh8 17. Rhg1 Rg8 18. Qe3 Bf6 19. Bxf6+ exf6 20. Qh6 Qe7 21.
Ne4 Nd5 22. Nf4 Nxf4 23. Nxf6 Bh5 24. Nxg8 Rxg8 25. Rxg8+ Kxg8 26. Rg1+ Ng6 27.
Kb1 1-0

[Event "World Open: Masters and Future Masters"]
[Site "Philadelpha"]
[Date "2003.06.28"]
[Round "3"]
[White "Ziatdinov, Rashid"]
[Black "Sadavaskov, Darman"]
[Result "1/2-1/2"]
[WhiteElo "2476"]
[BlackElo "2595"]
[Annotator "Atkins,M"]
[PlyCount "90"]
[EventDate "2003.06.28"]

1. e4 c5 2. Nf3 d6 3. d4 cxd4 4. Nxd4 Nf6 5. Nc3 a6 6. Bg5 e6 7. Qe2 Nbd7 8.
O-O-O b5 9. a3 h6 10. Bh4 Bb7 11. f4 Qc7 12. g4 Be7 13. Be1 g6 14. f5 e5 15.
Nb3 gxf5 16. gxf5 Rc8 17. Rg1 Nb6 18. Rg3 Nc4 19. Kb1 Nd7 20. Nc1 Bh4 21. Rgd3
Bxe1 22. Qxe1 Nf6 23. N1a2 Rd8 24. Nb4 Rg8 25. Nbd5 Bxd5 26. Nxd5 Nxd5 27. Rxd5
Rg1 28. Qf2 Rg4 29. Qf3 Rf4 30. Qg3 Ke7 31. Qh3 Nb6 32. R5d2 Nd7 33. Rxd6 Qxd6
34. Rxd6 Kxd6 35. Qxh6+ Ke7 36. Bd3 Nf6 37. Qg5 Rg8 38. Qh6 Rd8 39. Qh3 Nxe4
40. Qe3 Rd4 41. Ka2 f6 42. Bxe4 Rfxe4 43. Qh6 Rg4 44. Qh7+ Kd8 45. h3 Rh4
1/2-1/2

[Event "World Open: Masters and Future Masters"]
[Site "Philadelpha"]
[Date "2003.06.30"]
[Round "5"]
[White "Ziatdinov, Rashid"]
[Black "Blatny, Pavel"]
[Result "1/2-1/2"]
[WhiteElo "2467"]
[BlackElo "2563"]
[Annotator "Atkins,M"]
[PlyCount "161"]
[EventDate "2003.06.28"]

1. e4 g6 2. d4 c6 3. Nf3 Bg7 4. Nbd2 d5 5. c3 a5 6. Bd3 Na6 7. O-O Nc7 8. Re1
e6 9. Nf1 Ne7 10. h4 h6 11. Ng3 b6 12. Bf4 Ba6 13. Bxa6 Rxa6 14. Be5 O-O 15.
Bxg7 Kxg7 16. Qd2 Ne8 17. Rad1 Ra7 18. Ne5 Nf6 19. h5 gxh5 20. Qe2 dxe4 21. c4
Qe8 22. Nxe4 Nxe4 23. Qxe4 f5 24. Qf3 Kh7 25. Nd3 Ng6 26. Qxh5 Rd7 27. Re3 Qf7
28. Rh3 Qg7 29. Rg3 Rxd4 30. Nf4 Rxf4 31. Rxg6 Qxg6 32. Rd7+ Qg7 33. Rxg7+ Kxg7
34. Qh2 e5 35. Qg3+ Kf6 36. Qe3 Rxc4 37. Qxh6+ Kf7 38. Qh7+ Ke6 39. Qg6+ Kd5
40. Qg7 Rd8 41. Qf7+ Kd4 42. Qxf5 Rd5 43. Qf3 Kc5 44. Qe3+ Rcd4 45. g4 Kb5 46.
Qe2+ Rd3 47. Kf1 Kc5 48. g5 e4 49. Qxe4 Rd1+ 50. Ke2 R1d2+ 51. Ke3 Rxb2 52. g6
Rb4 53. Qe7+ Kb5 54. f3 Rb1 55. Kf4 a4 56. Qe3 Rb2 57. Kg3 Rdd2 58. Qe5+ Kb4
59. Qxb2+ Rxb2 60. g7 Rb1 61. Kg2 Rb2+ 62. Kh3 Rxa2 63. g8=Q Rc2 64. Qd8 b5 65.
Qd1 Kb3 66. Qb1+ Kc3 67. f4 a3 68. f5 a2 69. Qa1+ Kb3 70. f6 Rd2 71. Kg3 c5 72.
f7 Rd8 73. Kf4 Rf8 74. Qg7 Rxf7+ 75. Qxf7+ Kb2 76. Qf6+ Kb1 77. Qf5+ Kb2 78.
Qe5+ Kb1 79. Qe1+ Kb2 80. Qe2+ Kb1 81. Qxb5+ 1/2-1/2

[Event "World Open: Masters and Future Masters"]
[Site "Philadelpha"]
[Date "2003.06.28"]
[Round "1"]
[White "Caruana, Fabiano"]
[Black "Ziatdinov, Rashid"]
[Result "0-1"]
[WhiteElo "2154"]
[BlackElo "2467"]
[Annotator "Atkins,M"]
[PlyCount "44"]
[EventDate "2003.06.28"]

1. e4 e5 2. Nf3 Nc6 3. Bc4 Bc5 4. c3 Nf6 5. d3 a6 6. b4 Ba7 7. Bg5 h6 8. Be3
O-O 9. a4 d5 10. exd5 Nxd5 11. b5 Nxe3 12. fxe3 Na5 13. Qe2 Nxc4 14. dxc4 Bg4
15. e4 f5 16. Nbd2 fxe4 17. Qxe4 Rf4 18. Qxe5 Qf8 19. Qd5+ Kh8 20. h3 Re8+ 21.
Kf1 Be6 22. Qxb7 Qc5 0-1

[Event "World Open: Masters and Future Masters"]
[Site "Philadelpha"]
[Date "2003.06.28"]
[Round "1"]
[White "Ziatdinov, Rashid"]
[Black "Ehlvest, Jaan"]
[Result "1-0"]
[WhiteElo "2467"]
[BlackElo "2690"]
[PlyCount "43"]
[EventDate "2003.06.28"]

1. e4 e5 2. Nf3 Nc6 3. Bb5 a6 4. Ba4 Nf6 5. Bxc6 dxc6 6. d3 Bd6 7. Bg5 h6 8.
Bh4 Bg4 9. h3 Bb4+ 10. c3 Bxf3 11. Qxf3 Be7 12. O-O O-O 13. Rd1 Nd7 14. Bg3 Bh4
15. Nd2 Bxg3 16. Qxg3 c5 17. Nf3 Re8 18. Rac1 Nf6 19. Nxe5 Nh5 20. Qh2 f5 21.
exf5 Qf6 22. d4 1-0

[Event "World Open: Two Weekend"]
[Site "Philadelphia"]
[Date "2003.06.28"]
[Round "1"]
[White "Yang, Ruixin"]
[Black "Castaneda, Nelson"]
[Result "1-0"]
[WhiteElo "2154"]
[BlackElo "2299"]
[PlyCount "79"]
[EventDate "2003.06.29"]

1. e4 e5 2. Nf3 Nc6 3. Bc4 Be7 4. d3 Nf6 5. c3 O-O 6. O-O d6 7. Bb3 Bg4 8. Nbd2
Re8 9. h3 Bh5 10. Re1 Bf8 11. Nf1 h6 12. Ng3 Bg6 13. Nh4 Bh7 14. Nhf5 Ne7 15.
Ne3 c6 16. Qf3 d5 17. Ng4 Nxg4 18. hxg4 f6 19. Nh5 Bg6 20. c4 d4 21. c5+ Kh7
22. g5 Qa5 23. Kf1 fxg5 24. Bxg5 Qxc5 25. Bh4 Qd6 26. g4 Ng8 27. Ng3 Be7 28.
Bxe7 Qxe7 29. Nf5 Qg5 30. Ke2 Rf8 31. Rh1 Nf6 32. Rag1 Bf7 33. Bxf7 Rxf7 34.
Rh4 Rh8 35. Rgh1 Kg8 36. Nd6 Rd7 37. Nf5 Kf8 38. Qg3 Qf4 39. Qxf4 exf4 40. Kf3
1-0

[Event "World Open: 7-Day"]
[Site "Philadelphia"]
[Date "2003.06.30"]
[Round "1"]
[White "Peterson, William"]
[Black "Finegold, Benjamin"]
[Result "0-1"]
[WhiteElo "2242"]
[BlackElo "2631"]
[PlyCount "142"]
[EventDate "2003.??.??"]

1. e4 c5 2. Nf3 Nc6 3. d4 cxd4 4. Nxd4 Nf6 5. Nc3 d6 6. Be2 e5 7. Nb3 a5 8. a4
Be7 9. O-O Be6 10. f4 exf4 11. Bxf4 O-O 12. Kh1 Rc8 13. Nd4 Ne5 14. Nf5 h6 15.
Qd4 Bxf5 16. exf5 Nc6 17. Qd2 Kh7 18. Rf3 Re8 19. Rh3 Bf8 20. g4 Ne4 21. Nxe4
Rxe4 22. Bd3 Rxf4 23. f6+ g6 24. Qxf4 Ne5 25. c4 Qd7 26. Be2 Qc6+ 27. Kg1 Qb6+
28. Kf1 Qxb2 29. Raa3 Qb1+ 30. Kf2 Qb6+ 31. Kf1 Qb1+ 32. Kf2 Qb6+ 33. Kf1 Rc5
34. Rab3 Qc6 35. Rxh6+ Bxh6 36. Rh3 Nxg4 37. Bxg4 g5 38. Bf5+ Kg8 39. Qe4 Qxe4
40. Bxe4 Rxc4 41. Bxb7 Rf4+ 42. Rf3 g4 43. Rxf4 Bxf4 44. Kg2 Kh7 45. Bc8 Kg6
46. Bxg4 Kxf6 47. h4 Ke5 48. Kf3 Bh6 49. Bh5 f5 50. Bf7 d5 51. h5 Kd4 52. Be6
f4 53. Ke2 Ke4 54. Bg4 Bg5 55. Bf3+ Kd4 56. Kd2 Bh6 57. Ke2 Kc4 58. Kd2 d4 59.
Be2+ Kb4 60. Bd1 f3+ 61. Kd3 f2 62. Ke2 Be3 63. h6 d3+ 64. Kf1 Kc3 65. h7 Bd4
66. h8=Q Bxh8 67. Kxf2 Kd2 68. Bb3 Bc3 69. Kf1 Bf6 70. Kf2 Bh4+ 71. Kf1 Kc1 0-1

[Event "World Open: 7-Day"]
[Site "Philadelphia"]
[Date "2003.06.30"]
[Round "1"]
[White "Kraai, Jesse"]
[Black "Vest, David M"]
[Result "1-0"]
[WhiteElo "2510"]
[BlackElo "2148"]
[PlyCount "108"]
[EventDate "2003.??.??"]

1. Nf3 c5 2. c4 g6 3. d4 cxd4 4. Nxd4 Bg7 5. e4 Nc6 6. Be3 Nf6 7. Nc3 d6 8. Be2
O-O 9. O-O Bd7 10. Qd2 Rc8 11. Rfd1 a6 12. Nb3 Ne5 13. c5 Rc6 14. h3 Bc8 15. f4
Ned7 16. Bf3 e5 17. cxd6 Ne8 18. Nd5 Nxd6 19. Na5 Nc4 20. Nxc4 Rxc4 21. Nb6 Rc7
22. fxe5 Bxe5 23. Bg4 Qh4 24. Bf2 Bg3 25. Bxg3 Qxg3 26. Bxd7 Rd8 27. Nd5 Rdxd7
28. Nf6+ Kg7 29. Nxd7 Bxd7 30. Qd4+ Kg8 31. Rd3 Qg5 32. Rad1 Bc6 33. Qd8+ Qxd8
34. Rxd8+ Kg7 35. e5 Re7 36. Re1 Kh6 37. Kf2 Kg5 38. g3 h5 39. Rd4 Bd7 40. h4+
Kh6 41. a3 Bg4 42. Re3 Bd7 43. Kf3 g5 44. Rd6+ Be6 45. Ke4 Rc7 46. Rc3 Re7 47.
Rf3 Kg7 48. hxg5 Kg6 49. Kf4 Re8 50. Rc3 Rh8 51. Rc7 h4 52. gxh4 Rxh4+ 53. Ke3
Kxg5 54. Rxb7 Kf5 {White won a few moves later} 1-0

[Event "World Open: 7-Day"]
[Site "Philadelphia"]
[Date "2003.06.30"]
[Round "1"]
[White "Reeder, Andy"]
[Black "Mikhalevski, Alexander"]
[Result "1-0"]
[WhiteElo "2104"]
[BlackElo "2489"]
[PlyCount "59"]
[EventDate "2003.??.??"]

1. d4 d5 2. Bg5 c6 3. e3 Qb6 4. Qc1 h6 5. Bh4 e5 6. Nf3 e4 7. Nfd2 Ne7 8. c4
Nf5 9. Bg3 Be6 10. Nc3 Be7 11. cxd5 Nxg3 12. dxe6 Nxh1 13. exf7+ Kxf7 14. Bc4+
Ke8 15. Ndxe4 Nd7 16. Qc2 Qa5 17. O-O-O Nxf2 18. Qxf2 Rf8 19. Qg3 b5 20. Qg6+
Kd8 21. d5 Qb6 22. dxc6 Qxe3+ 23. Kb1 bxc4 24. Rxd7+ Kc8 25. Qe6 Rf1+ 26. Rd1+
Kb8 27. c7+ Kb7 28. Qd5+ Kxc7 29. Qd7+ Kb8 30. Qe8+ 1-0

[Event "World Open: 7-Day"]
[Site "Philadelphia"]
[Date "2003.06.30"]
[Round "1"]
[White "Hoekstra, Matthew"]
[Black "Owen, Steven"]
[Result "1-0"]
[WhiteElo "2368"]
[BlackElo "2048"]
[PlyCount "46"]
[EventDate "2003.??.??"]

1. d4 d6 2. e4 g6 3. Nc3 Bg7 4. g3 Nf6 5. Bg2 Nbd7 6. Nge2 c5 7. O-O cxd4 8.
Nxd4 a6 9. h3 O-O 10. Be3 Rb8 11. Qd2 Ne5 12. b3 Qc7 13. g4 Nc6 14. g5 Nd7 15.
Nd5 Qd8 16. f4 e6 17. Nb4 Qc7 18. c3 Rd8 19. Rac1 Nc5 20. Kh1 a5 21. Nbc2 b5
22. e5 dxe5 23. Ne2 Ba6 {White won in several more moves} 1-0

[Event "World Open: 7-Day"]
[Site "Philadelphia"]
[Date "2003.07.01"]
[Round "2"]
[White "Ehlvest, Jaan"]
[Black "Kraai, Jesse"]
[Result "1-0"]
[WhiteElo "2690"]
[BlackElo "2510"]
[PlyCount "71"]
[EventDate "2003.??.??"]

1. d4 e6 2. c4 b6 3. e4 Bb7 4. Bd3 Nc6 5. Ne2 Nb4 6. Nbc3 Nxd3+ 7. Qxd3 Bb4 8.
O-O Ne7 9. Nd1 Ng6 10. f4 f5 11. exf5 exf5 12. Ng3 O-O 13. c5 a5 14. a3 Ba6 15.
Qb3+ Kh8 16. axb4 Bxf1 17. Nxf1 Qe7 18. bxa5 bxa5 19. Nc3 c6 20. Qc2 Qf6 21.
Be3 Ne7 22. Nd2 Qe6 23. Bf2 Nd5 24. Re1 Nb4 25. Qd1 Qf7 26. Nf3 Qh5 27. Qd2
Rad8 28. Ra1 Ra8 29. Ne5 Rfd8 30. Nc4 Qf7 31. Nd6 Qh5 32. h3 Rf8 33. Re1 a4 34.
Re7 a3 35. bxa3 Rxa3 36. d5 1-0

[Event "World Open: 7-Day"]
[Site "Philadelphia"]
[Date "2003.07.01"]
[Round "2"]
[White "Andrianov, Nikolay"]
[Black "Sulskis, Sarunas"]
[Result "1-0"]
[WhiteElo "2393"]
[BlackElo "2637"]
[PlyCount "85"]
[EventDate "2003.??.??"]

1. Nf3 c5 2. b3 d6 3. d4 cxd4 4. Nxd4 e5 5. Nf3 Nf6 6. e3 Nc6 7. Bb2 e4 8. Nd4
d5 9. Nxc6 bxc6 10. c4 Bb4+ 11. Nc3 O-O 12. a3 Bd6 13. cxd5 cxd5 14. Nb5 Ba6
15. Nxd6 Qxd6 16. Bxa6 Qxa6 17. Qe2 Qe6 18. O-O Ng4 19. Rac1 Rac8 20. h3 Nh6
21. Bd4 a6 22. b4 Nf5 23. Rxc8 Rxc8 24. Bc5 g6 25. Rd1 h5 26. Qa2 Rd8 27. a4
Qc6 28. a5 Rd7 29. Qa1 Qe6 30. b5 axb5 31. a6 Qc6 32. a7 Rd8 33. Qa5 Ra8 34.
Qb6 Ne7 35. Qxc6 Nxc6 36. Ra1 Nd8 37. Rb1 Nc6 38. Rxb5 h4 39. Rb7 Kg7 40. Rc7
Nd8 41. Bd4+ Kh6 42. Bb6 f5 43. Kf1 1-0

[Event "World Open: 7-Day"]
[Site "Philadelphia"]
[Date "2003.07.01"]
[Round "2"]
[White "Popovych, Orest"]
[Black "Blatny, Pavel"]
[Result "0-1"]
[WhiteElo "2331"]
[BlackElo "2563"]
[PlyCount "56"]
[EventDate "2003.??.??"]

1. e4 g6 2. d4 c6 3. f4 d5 4. e5 h5 5. Nc3 Nh6 6. Nf3 Bg4 7. h3 Bxf3 8. Qxf3
Nf5 9. Be3 e6 10. Bd3 h4 11. Ne2 Qb6 12. O-O Nxe3 13. Qxe3 c5 14. c3 Nc6 15.
Rac1 c4 16. Bb1 Qxb2 17. Qf3 Ne7 18. a4 a6 19. Rc2 Qb6 20. Ra2 Nc6 21. Bc2 Qa5
22. f5 gxf5 23. Bxf5 exf5 24. Qxf5 Nd8 25. Nf4 Qxc3 26. e6 Nxe6 27. Ne2 (27.
Nxe6 Qe3+ 28. Rff2 Qe1+ 29. Kh2 fxe6 30. Qf7+ (30. Rae2 Bd6+ 31. g3 Qxf2+)
30... Kd8 31. Qf6+ Kd7 32. Qxh8 Bd6+) 27... Qe3+ 28. Kh1 O-O-O 0-1

[Event "World Open: Masters and Future Masters"]
[Site "Philadelpha"]
[Date "2003.06.28"]
[Round "1"]
[White "Geyler, Gennadiy"]
[Black "Sadvakasov, Darmen"]
[Result "0-1"]
[WhiteElo "2056"]
[BlackElo "2595"]
[PlyCount "72"]
[EventDate "2003.06.28"]

1. e4 c5 2. Nf3 d6 3. d4 cxd4 4. Nxd4 Nf6 5. Nc3 a6 6. g3 e5 7. Nde2 b5 8. Bg2
Bb7 9. O-O Nbd7 10. a4 b4 11. Nd5 a5 12. c3 Nxd5 13. exd5 Ba6 14. Re1 Be7 15.
Be3 Rb8 16. f4 O-O 17. fxe5 Bxe2 18. Qxe2 Nxe5 19. c4 Bg5 20. Bxg5 Qxg5 21. c5
Qd8 22. Qa6 f6 23. c6 Qc7 24. Rad1 Ra8 25. Qf1 Rae8 26. h3 f5 27. Qf4 Rf6 28.
Re2 Ref8 29. Kh1 Ng6 30. Qd4 f4 31. gxf4 Nxf4 32. Re4 Nxg2 33. Kxg2 Qf7 34. Re2
Rg6+ 35. Kh2 Qf3 36. Qe3 Rg2+ 0-1

[Event "World Open: Masters and Future Masters"]
[Site "Philadelpha"]
[Date "2003.06.29"]
[Round "4"]
[White "Firman, Nazar"]
[Black "Ziatdinov, Rashid"]
[Result "0-1"]
[WhiteElo "2555"]
[BlackElo "2476"]
[PlyCount "108"]
[EventDate "2003.06.28"]

1. e4 e5 2. Nf3 Nc6 3. Bb5 a6 4. Ba4 Nf6 5. O-O Be7 6. Re1 b5 7. Bb3 d6 8. c3
O-O 9. h3 Na5 10. Bc2 c5 11. d4 Nd7 12. Nbd2 cxd4 13. cxd4 Nc6 14. Nf1 Nxd4 15.
Nxd4 exd4 16. Qxd4 Ne5 17. Qd1 Bf6 18. Ne3 Nc4 19. Rb1 Be6 20. Bb3 Qa5 21. Re2
Rac8 22. Nd5 Bxd5 23. Qxd5 Rc5 24. Qd1 Rfc8 25. Bf4 Be5 26. Bxe5 dxe5 27. Rc2
Rd8 28. Qe1 Qc7 29. Rbc1 Rd4 30. a4 h6 31. axb5 axb5 32. Ba2 Rc6 33. Qb4 Qb6
34. b3 Na5 35. Rxc6 Nxc6 36. Qc3 g6 37. Qf3 Kg7 38. Kh2 Nb4 39. Bb1 Qd6 40. h4
Rd2 41. h5 g5 42. Rc3 Rb2 43. Bd3 Nc6 44. Bxb5 Nd4 45. Qd3 Qf6 46. Bc4 Ne2 47.
Qxe2 Rxe2 48. Rf3 Rxe4 49. Rxf6 Kxf6 50. f3 Rf4 51. Bd5 g4 52. Kg3 gxf3 53.
gxf3 Kg5 54. b4 f5 0-1

[Event "World Open: Masters and Future Masters"]
[Site "Philadelpha"]
[Date "2003.06.28"]
[Round "1"]
[White "Gershenov, Ben"]
[Black "Furman, Nazar"]
[Result "0-1"]
[WhiteElo "1611"]
[BlackElo "2555"]
[PlyCount "70"]
[EventDate "2003.06.28"]

1. d4 Nf6 2. c4 e6 3. Nc3 Bb4 4. Qc2 O-O 5. e4 c5 6. Nf3 Nc6 7. Be3 cxd4 8.
Nxd4 Ng4 9. h4 Nxd4 10. Bxd4 e5 11. Be3 Nxe3 12. fxe3 Qb6 13. Qd2 d6 14. Be2
Be6 15. O-O Rac8 16. Rf3 Bxc4 17. Rg3 Be6 18. Qe1 Bxc3 19. bxc3 Qc6 20. Qf2 f5
21. Rg5 fxe4 22. Qg3 Rc7 23. h5 Rf6 24. Rf1 Rxf1+ 25. Kxf1 Qxc3 26. Kg1 Kh8 27.
Kh2 Qd2 28. Bg4 Qxa2 29. Rg6 hxg6 30. hxg6 Bxg4 31. Qh4+ Bh5 32. Qxh5+ Kg8 33.
Qh7+ Kf8 34. Qh8+ Qg8 35. Qh4 Ke8 0-1

[Event "World Open: Two Weekend"]
[Site "Philadelphia"]
[Date "2003.06.28"]
[Round "2"]
[White "Casteneda, Nelson"]
[Black "Ju, Evan"]
[Result "1-0"]
[WhiteElo "2299"]
[BlackElo "2058"]
[PlyCount "73"]
[EventDate "2003.06.29"]

1. d4 Nf6 2. Nf3 g6 3. c4 Bg7 4. Nc3 d6 5. g3 O-O 6. Bg2 Nc6 7. O-O e5 8. dxe5
dxe5 9. Qxd8 Rxd8 10. Bg5 Be6 11. Nd2 h6 12. Bxf6 Rxd2 13. Bxg7 Kxg7 14. Bxc6
bxc6 15. b3 Rad8 16. Rfd1 Bf5 17. Kf1 Rxd1+ 18. Rxd1 Rxd1+ 19. Nxd1 Kf6 20. Ke1
Ke7 21. Kd2 Be6 22. Nc3 f5 23. f4 e4 24. Na4 Kd6 25. c5+ Kd5 26. Kc3 a5 27. e3
Bc8 28. b4 axb4+ 29. Kxb4 Ba6 30. Nc3+ Ke6 31. Kb3 Bd3 32. a4 Ba6 33. a5 Bf1
34. h4 h5 35. Na2 Kd5 36. a6 Bc4+ 37. Kc3 1-0

[Event "World Open: Two Weekend"]
[Site "Philadelphia"]
[Date "2003.06.30"]
[Round "3"]
[White "Ju, Evan"]
[Black "Getz, Shelby"]
[Result "0-1"]
[WhiteElo "2058"]
[BlackElo "2371"]
[PlyCount "104"]
[EventDate "2003.06.29"]

1. e4 c5 2. Nf3 Nc6 3. d4 cxd4 4. Nxd4 Nf6 5. Nc3 e5 6. Ndb5 d6 7. Nd5 Nxd5 8.
exd5 Nb8 9. c4 Be7 10. Bd3 O-O 11. O-O a6 12. Nc3 f5 13. f4 e4 14. Be2 Bf6 15.
Qc2 Bd4+ 16. Kh1 Qf6 17. Nd1 Nd7 18. Bd2 Nc5 19. Bc3 Bd7 20. Bxd4 Qxd4 21. Qc3
Qxc3 22. Nxc3 a5 23. b3 Rac8 24. Rfe1 Rfe8 25. Rab1 Kf7 26. Kg1 Kf6 27. h4 g6
28. Kf2 h6 29. g3 g5 30. Rg1 Rg8 31. Rg2 Rg7 32. Rbg1 a4 33. Rc1 Rcg8 34. Ke3
gxh4 35. b4 Rxg3+ 36. Rxg3 Rxg3+ 37. Kd2 Nd3 38. Rh1 Nxf4 39. Rxh4 Kg5 40. Rh2
Rg2 41. Rxg2+ Nxg2 42. b5 a3 43. Bf1 Nh4 44. Ke3 Kf6 45. Nb1 Ke5 46. Nxa3 f4+
47. Kd2 e3+ 48. Kd3 Bf5+ 49. Ke2 Kd4 50. Kd1 f3 51. Ke1 Ng2+ 52. Kd1 Bd3 0-1

[Event "World Open: 7-Day"]
[Site "Philadelphia"]
[Date "2003.06.30"]
[Round "1"]
[White "Gulko, Boris"]
[Black "Bengtson, Matthew"]
[Result "1-0"]
[WhiteElo "2697"]
[BlackElo "2295"]
[PlyCount "49"]
[EventDate "2003.??.??"]

1. c4 c5 2. Nf3 Nf6 3. Nc3 d5 4. cxd5 Nxd5 5. d4 Nxc3 6. bxc3 g6 7. e3 Bg7 8.
Bd3 O-O 9. O-O Qc7 10. Qe2 b6 11. Rd1 Bb7 12. e4 e6 13. Be3 Nd7 14. e5 f6 15.
exf6 Nxf6 16. Ne5 Nd5 17. Qg4 Bxe5 18. Qxe6+ Kh8 19. dxe5 Nxe3 20. fxe3 Rae8
21. Qd6 Qg7 22. e6 Qh6 23. e4 Qe3+ 24. Kh1 g5 25. Qe5+ 1-0

[Event "World Open: 7-Day"]
[Site "Philadelphia"]
[Date "2003.06.30"]
[Round "1"]
[White "Sulskis, Sarunas"]
[Black "Nelson , Abiodun"]
[Result "1-0"]
[WhiteElo "2637"]
[BlackElo "2248"]
[PlyCount "67"]
[EventDate "2003.??.??"]

1. Nf3 Nf6 2. c4 e6 3. b3 d5 4. Bb2 b6 5. g3 Nbd7 6. cxd5 exd5 7. Bg2 Bb7 8.
O-O Bd6 9. Nd4 Be5 10. f4 Bxd4+ 11. Bxd4 O-O 12. e3 Re8 13. g4 c5 14. Bb2 Ne4
15. g5 Qe7 16. Re1 c4 17. d3 cxd3 18. Qxd3 Ndc5 19. Qd4 Ne6 20. Qe5 f6 21. gxf6
Qxf6 22. Qxf6 Nxf6 23. Bxf6 gxf6 24. Nc3 Rad8 25. Rac1 Nc5 26. Rcd1 d4 27. exd4
Rxe1+ 28. Rxe1 Rxd4 29. Bxb7 Nxb7 30. Re7 Nc5 31. Rxa7 Rxf4 32. Nd5 Rg4+ 33.
Kf2 Ne4+ 34. Ke3 1-0

[Event "World Open: 7-Day"]
[Site "Philadelphia"]
[Date "2003.06.30"]
[Round "1"]
[White "Wheeler, Jerry T"]
[Black "Sadvakaso, Darmen"]
[Result "0-1"]
[WhiteElo "2218"]
[BlackElo "2595"]
[PlyCount "72"]
[EventDate "2003.??.??"]

1. Nf3 c5 2. c4 Nc6 3. Nc3 g6 4. g3 Bg7 5. Bg2 e5 6. d3 Nge7 7. Rb1 d6 8. a3 a5
9. Bg5 f6 10. Bd2 Be6 11. O-O O-O 12. Ne1 d5 13. cxd5 Nxd5 14. Nc2 Rb8 15. Ne3
Nde7 16. Ne4 b6 17. Nc4 h6 18. f4 f5 19. Nc3 e4 20. Ne5 Nxe5 21. fxe5 exd3 22.
b4 axb4 23. axb4 Bxe5 24. bxc5 Qd4+ 25. Kh1 bxc5 26. exd3 Rxb1 27. Qxb1 Rb8 28.
Qe1 Bf7 29. Ne2 Qxd3 30. Bxh6 Bd5 31. Nf4 Bxf4 32. Bxf4 Rb2 33. Rg1 c4 34. Bc1
Re2 35. Qa5 Rxg2 36. Qd8+ Kf7 0-1

[Event "World Open: 7-Day"]
[Site "Philadelphia"]
[Date "2003.06.30"]
[Round "1"]
[White "Burden, James L"]
[Black "Firman, Nazir"]
[Result "0-1"]
[WhiteElo "2204"]
[BlackElo "2555"]
[PlyCount "77"]
[EventDate "2003.??.??"]

1. e4 g6 2. g3 Bg7 3. Bg2 d6 4. c4 c5 5. Ne2 Nc6 6. O-O Rb8 7. Nbc3 a6 8. a4
Nh6 9. d3 O-O 10. h3 f5 11. Be3 Nd4 12. Rb1 e5 13. f4 Be6 14. Kh2 fxe4 15. Bxe4
b5 16. axb5 axb5 17. Nd5 bxc4 18. dxc4 Bf5 19. Nec3 Re8 20. fxe5 Rxe5 21. Bxh6
Bxh6 22. Bxf5 Nxf5 23. Nb5 Bg7 24. Qf3 Qg5 25. Rf2 Rf8 26. Rbf1 Ree8 27. Qg4
Qd8 28. Nbc7 Re5 29. h4 Rf7 30. Nb5 Qf8 31. Kg1 Qe8 32. h5 Nh6 33. hxg6 Rxf2
34. gxh7+ Kxh7 35. Qd1 Rxf1+ 36. Kxf1 Qg6 37. Kg2 Nf5 38. Qh1+ Bh6 39. Qh3 0-1

[Event "World Open: 7-Day"]
[Site "Philadelphia"]
[Date "2003.06.30"]
[Round "1"]
[White "Mikhalevski, Victor"]
[Black "Kafka, Graeme"]
[Result "1-0"]
[WhiteElo "2525"]
[BlackElo "2203"]
[PlyCount "53"]
[EventDate "2003.??.??"]

1. d4 d5 2. c4 c6 3. Nf3 Nf6 4. Nc3 dxc4 5. a4 Bf5 6. Ne5 Nbd7 7. Nxc4 Qc7 8.
g3 e5 9. dxe5 Nxe5 10. Bf4 Nfd7 11. Bg2 g5 12. Ne3 gxf4 13. Nxf5 fxg3 14. hxg3
O-O-O 15. Qc2 Nf6 16. a5 a6 17. Kf1 Nc4 18. Rh4 Ne5 19. Rf4 h5 20. Rh4 Ng6 21.
Rc4 Qd7 22. Rd4 Qc7 23. Nb5 axb5 24. a6 Rxd4 25. Nxd4 bxa6 26. Qf5+ Kd8 27.
Nxc6+ 1-0

[Event "World Open: 7-Day"]
[Site "Philadelphia"]
[Date "2003.06.30"]
[Round "1"]
[White "Cheng, Xiao"]
[Black "Anka, Emil"]
[Result "0-1"]
[WhiteElo "2079"]
[BlackElo "2512"]
[PlyCount "72"]
[EventDate "2003.??.??"]

1. e4 c5 2. Ne2 d6 3. Nbc3 a6 4. g3 b5 5. Bg2 Bb7 6. O-O Nd7 7. Nd5 e6 8. Ne3
Ngf6 9. d3 h5 10. f4 Qb6 11. a4 b4 12. f5 exf5 13. exf5 Bxg2 14. Nxg2 d5 15.
Bf4 Bd6 16. a5 Qc7 17. c3 Rb8 18. Qd2 O-O 19. Bxd6 Qxd6 20. Qg5 bxc3 21. bxc3
Rb2 22. Nef4 d4 23. c4 Re8 24. Rae1 Rxe1 25. Rxe1 Ne5 26. Nh4 Qc6 27. Nxh5 Nxh5
28. Qxh5 Nxd3 29. Rf1 Qe4 30. Qf3 Qxf3 31. Nxf3 Rc2 32. Rb1 Nb4 33. Nxd4 cxd4
34. Rxb4 d3 35. c5 d2 36. Rd4 Rc1+ 0-1

[Event "World Open: 7-Day"]
[Site "Philadelphia"]
[Date "2003.06.30"]
[Round "1"]
[White "Patterson , Roger"]
[Black "Andrianov, Nikolay"]
[Result "0-1"]
[WhiteElo "2197"]
[BlackElo "2393"]
[PlyCount "56"]
[EventDate "2003.??.??"]

1. e4 c5 2. Nf3 Nc6 3. d4 cxd4 4. Nxd4 g6 5. Nc3 Bg7 6. Be3 Nf6 7. Bc4 O-O 8.
Bb3 a5 9. a4 Ng4 10. Qxg4 Nxd4 11. Qh4 Nxb3 12. cxb3 Ra6 13. O-O Re6 14. f4
Bxc3 15. bxc3 Rxe4 16. Rf3 d6 17. Qf2 Bg4 18. Rg3 Qd7 19. Rf1 Rc8 20. Bb6 Bf5
21. Bxa5 b5 22. axb5 Qxb5 23. Bb4 Re2 24. Qa7 Be4 25. f5 Bxf5 26. Re3 Be4 27.
Rf2 Rxf2 28. Kxf2 Qf5+ 0-1

[Event "World Open: 7-Day"]
[Site "Philadelphia"]
[Date "2003.06.30"]
[Round "1"]
[White "Cottrell, Kelly"]
[Black "Popovych, Orest"]
[Result "0-1"]
[WhiteElo "1505"]
[BlackElo "2331"]
[PlyCount "28"]
[EventDate "2003.??.??"]

1. d4 Nf6 2. c4 g6 3. Nc3 Bg7 4. e4 d6 5. Be2 O-O 6. Nf3 Nbd7 7. O-O e5 8. Bg5
h6 9. Be3 Ng4 10. Bd2 exd4 11. Nxd4 Nxf2 12. Kxf2 Bxd4+ 13. Be3 Qh4+ 14. g3
Qxh2+ 0-1

[Event "World Open: 7-Day"]
[Site "Philadelphia"]
[Date "2003.07.01"]
[Round "2"]
[White "Anka, Emil"]
[Black "Gulko, Boris"]
[Result "*"]
[WhiteElo "2512"]
[BlackElo "2697"]
[PlyCount "83"]
[EventDate "2003.??.??"]

1. Nf3 c5 2. e4 e6 3. d4 cxd4 4. Nxd4 a6 5. Bd3 Bc5 6. Nb3 Be7 7. Qg4 g6 8. Qe2
d6 9. O-O Nc6 10. c4 b6 11. Nc3 Bb7 12. Be3 Ne5 13. Rfd1 Nf6 14. f3 O-O 15. Qf2
Nfd7 16. Be2 Rc8 17. Nd2 Nc5 18. Qf1 f5 19. exf5 Rxf5 20. Kh1 Ng4 21. Bg1 Bf6
22. Bd3 Rf4 23. Be4 Be5 24. Qe2 Nxh2 25. Bxh2 Rh4 26. Nf1 Nxe4 27. Nxe4 Bxe4
28. fxe4 Bxh2 29. Nxh2 Qg5 30. g3 Qxg3 31. Rg1 Qe5 32. Rg4 Rh3 33. Rg2 Rf8 34.
Re1 Rf4 35. b4 Rhh4 36. Qd2 Rxe4 37. Rxe4 Rxe4 38. Rf2 Rxc4 39. Nf3 Qf5 40. a3
Qh3+ 41. Nh2 b5 42. Rf3 *

[Event "World Open: 7-Day"]
[Site "Philadelphia"]
[Date "2003.07.01"]
[Round "2"]
[White "Sadvakasov, Darmen"]
[Black "Privman, Boris"]
[Result "1-0"]
[WhiteElo "2595"]
[BlackElo "2340"]
[PlyCount "85"]
[EventDate "2003.??.??"]

1. e4 e6 2. d4 d5 3. Nc3 dxe4 4. Nxe4 Nf6 5. Nxf6+ gxf6 6. Nf3 b6 7. Bf4 Bb7 8.
Qd2 Bd6 9. O-O-O Nd7 10. Bc4 Qe7 11. Bxd6 Qxd6 12. d5 e5 13. Nh4 O-O-O 14. Nf5
Qc5 15. Bb3 Rhg8 16. f4 Rg4 17. g3 exf4 18. h3 Rg5 19. Qxf4 b5 20. Rhe1 a5 21.
a3 h5 22. Rd3 b4 23. axb4 axb4 24. Ne7+ Kb8 25. Nc6+ Bxc6 26. dxc6 Qxc6 27.
Qxb4+ Qb6 28. Qxb6+ cxb6 29. Bxf7 Kc7 30. Red1 Ra5 31. Kb1 Re5 32. Bg6 Rg5 33.
Bh7 Re5 34. Bg6 Rg5 35. Bf7 Re5 36. Rd6 Re1 37. Rxe1 Kxd6 38. Re6+ Kc5 39. Bxh5
Rh8 40. Bg4 Rg8 41. b4+ Kb5 42. c3 Kc4 43. Rc6+ 1-0